Quizzes
Events
Quiz Creation
Community
Videos
Private Events
Remove Ads
Sign In
Join for FREE
Feedback
Dark Mode
Quiz Categories
Sports
Geography
Music
Movies
Television
Just For Fun
Miscellaneous
History
Literature
Language
Science
Gaming
Entertainment
Religion
Holiday
For Kids
Quiz Lab
Recent
Popular Today
Quiz Kudos Today
Editor Picks
Curator Picks
Quizzes by...
Day
Popularity
Type
Ratings
Length
Year
Community
Subscriptions
Recent Discussions
Orange Saloon
Badges
Playlists
Quests
Create
Leaderboards
Showdown
Live 5
Trivia Bingo
Activity
Puzzle Library
Sporcle Events
Private Events
Virtual Trivia
Globe League
Become a Host
Pub Owners
SporcleCon
Opinionation
Our Games
Videos
Blog
Mobile Apps
Partnerships
Remove Ads and Go Orange
Feedback
Science
Computer
Plants
Astronomy
Chemistry
Elements
Math
Animal
Physics
Anatomy
Biology
Geology
General Science
Science
Computer
Plants
Astronomy
Chemistry
Elements
Math
Animal
Physics
Anatomy
Biology
Geology
General Science
Random Quiz
Search Sporcle
×
Quiz Lab
Quiz Lab
Science
Revolution
Type in answers that appear in a list
Type in answers that appear in a list
Classic
Best Score? Go Orange.
Scientific Revolution Stats
Can you name the Scientific Revolution?
By
cmgc
7m
30 Questions
44 Plays
44 Plays
44 Plays
Comments
Comments
Give Quiz Kudos
Give Quiz Kudos
-
- Ratings
hide this ad
Replay
Link that replays current quiz
Next Quiz
Link to next quiz in quiz playlist
You Got
0%
They Got
Avg Score
34%
Avg Friend Score
Upgrade to see
Score Distribution
Jump to the score distribution portion of the page
Score
0/30
Timer
07:00
0
Plays Today
question
answer
% Correct
what did many people believe to be in the center of the universe?
earth
81.8%
after the revolution what did people believe was the center of the solar system?
sun
81.8%
first person to displace the earth to the center of the universe
Copernicus
75%
who came up with the theory of universal gravitation?
Newton
75%
natural science that deals with the study of celestial objects
astronomy
72.7%
natural science dealing with the study of life and natural oganisms
biology
72.7%
scientific study of the morphology of the human body
anatomy
63.6%
Andreas Vasalius wrote one of the most influential books on what subject?
anatomy
63.6%
science of matter and the changes it undergoes
chemistry
59.1%
Who was called the father of modern observational astronomy and physics
Galileo
56.8%
who developed the laws of planetary motion?
Kepler
54.5%
study of matter and motion through spacetime.
physics
52.3%
the scientific revolution began where?
Europe
40.9%
the scientific revolution began in what era?
renaissance
34.1%
what method did Galileo come up with?
Scientific Method
29.5%
question
answer
% Correct
and continued until
enlightenment
25%
Robert Boyle established what law of chemistry?
Boyle's law
20.5%
religion, superstition, and fear were replaced by...
reason
18.2%
Otto Von Guericke was the first human to knowingly generate what using a machine?
electricity
18.2%
Evangelista Torricelli was best known for inventing what?
barometer
13.6%
John Napier invented what?
logarithms
9.1%
Herman Borehaave is considered the father of what subject
physiology
4.5%
Pierre Vernier was the inventor of what scale?
Vernier scale
4.5%
the scientific revolution led to the establishment of several modern...
sciences
2.3%
Ambrose Pare was considered the father of what?
surgery
2.3%
William Oughtred first performed what?
multiplication and division
2.3%
these scientific subjects started where?
ancient Greece
0%
Pascal invented what?
mechanical calculator
0%
Dennis Papin invented what?
steam digester
0%
Georg Agricola was known as the father of what?
mineralogy
0%
Quiz Playlist
Details
Report
Send in Message
Add To Playlist
Classic:
Type in answers that appear in a list
Last Updated: Feb 16, 2017
Quiz Scoreboard
CHALLENGE
Sign Up to Join the Scoreboard
Show All
Scores
Hide
Comments
May contain spoilers
Recently Published
Alphabetical 'K' Countries by Flag Minefield
by ylime102
Geography
3m
Pick 6: Fruits
by JohnFran
Miscellaneous
15s
Click the 1999 NBA Draft
by nibperrychub
Sports
2m
More to Explore
Quiz From the Vault
Featured Blog Post
15 Basketball Trivia Facts You Can Be March Mad About
hide this ad
You Might Also Like...
Tags
Revolution
Scientific Revolution
Today's Top Quizzes in Science
Browse Science
hide this ad
Today's Top Quizzes in Revolution
Browse Revolution
Top Contributed Quizzes in Science
1
Pick 6: Animals
2
Group Clicking: Animals II
3
Square Numbers Scrambled (1-50)
4
Find the Spring Animals
5
Flowers by Accent Chairs
6
Why is the sky blue? And other physics questions.
7
Word Ladder: A Quick One (7)
8
Trigonometric Exact Values
9
Logic Gate Symbols
10
The First 100 Digits of Pi
Explore More
Trending Topics
Crossword
Anime
Harry Potter
Kpop
Disney
Marvel
NBA
Puzzle
Song
NFL
Soccer
Country
Pokémon
WWE
The Office
hide this ad
More By:
cmgc
Quiz
Plays
Rating
Category
Featured
Created
Scientific Revolution
44
1.00
Science
Apr 15, 2011
Go to Creator's Profile
Score Distribution
Quiz Creator Spotlight
cmgc
Follow
Send a Message
Quizzes Created
-
Created Quiz Play Count
-
More By This Creator
Popular Quizzes Today
1
Find the US States - No Outlines Minefield
2
Countries of Asia Without Outlines Minefield
3
Pick 6: Fruits
4
Alphabetical 'K' Countries by Flag Minefield
5
The Countries of the World
6
Find the US States
7
Match the Book to the Film X
8
Click the 1999 NBA Draft
More Science Quizzes
Snake Trivia!
Quiz Lab
Trending Quizzes
Pick 6: Harry Potter
Pick 6: Mountains
Pick 6: NFL Teams
Pick 6: Movie Franchises
Pick 6: Golfers
Recently Updated
NWSL Teams
pecheneg
Women's Final Four Teams by Year
bhenderson79
Presidents Quartet II
eogle
Anything But Clue(do)
eogle
Anything But Oceanian Capitals
eogle
Anything But 7
eogle
Anything But Thing
eogle
Word Ladder: February 29
pecheneg
Song Title Questions
pecheneg
Women's NCAA Tournament #1 Seeds
pecheneg
Trending Topics
NBA
Kpop
Harry Potter
Marvel
Anime
Disney
Crossword
Country
The Office
Pokémon
Puzzle
Song
Soccer
WWE
NFL
Your Account Isn't Verified!
In order to create a playlist on Sporcle, you need to verify the email address you used during registration. Go to your
Sporcle Settings
to finish the process.
Report this User
Report this user for behavior that violates our
Community Guidelines
.
Details:
Send Report
Go to the Sporcle.com Mobile Site →
Comments